MARC

LEADER 00000nam0a2200000 4500
001 276814
005 20231101234945.0
035 |a (RuTPU)RU\TPU\book\300087 
035 |a RU\TPU\book\256477 
090 |a 276814 
100 |a 20141126d1975 k y0rusy5003 ca 
101 0 |a rus 
102 |a RU 
105 |a y z 001zy 
200 1 |a Экономика минерального сырья  |f С. Я. Каганович 
210 |a Москва  |c Недра  |d 1975 
215 |a 215 с. 
320 |a Библиогр.: с. 209-214. 
606 1 |a Минеральное сырье  |x Экономика  |2 stltpush  |3 (RuTPU)RU\TPU\subj\64895  |9 81594 
610 1 |a народнохозяйственное значение 
610 1 |a исследование 
610 1 |a методы 
610 1 |a понятия 
610 1 |a термины 
610 1 |a СССР 
610 1 |a минерально-сырьевой комплекс 
610 1 |a проблемы 
610 1 |a анализ 
610 1 |a планирование 
610 1 |a прогнозирование 
675 |a 553.04  |v 3 
700 1 |a Каганович  |b С. Я.  |g Самуил Яковлевич  |4 070 
801 0 |a RU  |b 63413507  |c 19950704  |g psbo 
801 1 |a RU  |b 63413507  |c 20130409 
801 2 |a RU  |b 63413507  |c 20150513  |g RCR 
942 |c BK